LIBRARY & INFORMATION CENTRE, KCAET, TAVANUR

ONLINE PUBLIC ACCESS CATALOGUE (OPAC)

Mathematics of statistics, Part.II / (Record no. 9871)

MARC details
000 -LEADER
fixed length control field 00549cam a2200229ua 4500
041 ## - LANGUAGE CODE
Language code of text/sound track or separate title eng
082 ## - DEWEY DECIMAL CLASSIFICATION NUMBER
Classification number 519.51
Item number KEN/MA
100 ## - MAIN ENTRY--AUTHOR NAME
Personal name Kenney, J.F .
245 ## - TITLE STATEMENT
Title Mathematics of statistics, Part.II /
250 ## - EDITION STATEMENT
Edition statement 2 /
260 ## - PUBLICATION, DISTRIBUTION, ETC. (IMPRINT)
Place of publication New York :
Name of publisher D Van nostrand co ,
Year of publication 1963.
300 ## - PHYSICAL DESCRIPTION
Number of Pages ; .
700 1# - ADDED ENTRY--PERSONAL NAME
Personal name Keeping, E.S .
942 ## - ADDED ENTRY ELEMENTS (KOHA)
Koha item type Books
Holdings
Withdrawn status Lost status Damaged status Home library Current library Date acquired Full call number Accession Number Koha item type
Withdrawn   Damaged KAUAET KAUAET 07/04/2012 519.51 KEN/MA 8106 Books
Withdrawn     KAUAET KAUAET 07/04/2012 519.51 KEN/MA 7979 Books
Withdrawn     KAUAET KAUAET 07/04/2012 519.51 KEN/MA 7978 Books
Withdrawn     KAUAET KAUAET 07/04/2012 519.51 KEN/MA 7980 Books
free website counter